Sed buenos ciudadanos / (Record no. 11327)
[ view plain ]
| 000 -CABECERA | |
|---|---|
| campo de control de longitud fija | 00900nam a2200253 a 4500 |
| 001 - NÚMERO DE CONTROL | |
| campo de control | 000011634 |
| 005 - FECHA Y HORA DE LA ÚLTIMA TRANSACCIÓN | |
| campo de control | 20200929162517.0 |
| 008 - DATOS DE LONGITUD FIJA--INFORMACIÓN GENERAL | |
| campo de control de longitud fija | 091021s1999 ve 000 e spa d |
| 020 ## - NÚMERO INTERNACIONAL ESTÁNDAR DEL LIBRO | |
| Número Internacional Estándar del Libro | 9803540696 |
| 040 ## - FUENTE DE LA CATALOGACIÓN | |
| Centro catalogador/agencia de origen | DO-SdBNP |
| Lengua de catalogación | spa |
| Centro/agencia transcriptor | BNPHU |
| 082 ## - NÚMERO DE LA CLASIFICACIÓN DECIMAL DEWEY | |
| Número de clasificación | V864.44 |
| Número de documento/Ítem | C355s |
| 049 ## - FONDOS LOCALES (OCLC) | |
| Fondos de biblioteca | BNGR |
| 100 1# - ENTRADA PRINCIPAL--NOMBRE DE PERSONA | |
| Nombre de persona | Castro Leiva, Luis, |
| Fechas asociadas al nombre | 1943- |
| 9 (RLIN) | 27555 |
| 245 10 - MENCIÓN DE TÍTULO | |
| Título | Sed buenos ciudadanos / |
| Mención de responsabilidad, etc. | Luis Castro Leiva. |
| 260 ## - PUBLICACIÓN, DISTRIBUCIÓN, ETC. | |
| Lugar de publicación, distribución, etc. | Caracas, Venezuelas : |
| Nombre del editor, distribuidor, etc. | Alfadil Ediciones, |
| Fecha de publicación, distribución, etc. | 1999. |
| 300 ## - DESCRIPCIÓN FÍSICA | |
| Extensión | 240, [5] p. ; |
| Dimensiones | 22 cm. |
| 490 1# - MENCIÓN DE SERIE | |
| Mención de serie | Trópicos |
| Designación de volumen o secuencia | 64 |
| 500 ## - NOTA GENERAL | |
| Nota general | Incluye datos biográficos del autor en la solapa de la cubierta |
| 500 ## - NOTA GENERAL | |
| Nota general | Incluye los demás títulos de la colección en la solapa de la contracubierta |
| 650 #4 - PUNTO DE ACCESO ADICIONAL DE MATERIA--TÉRMINO DE MATERIA | |
| Término de materia o nombre geográfico como elemento de entrada | Ensayos venezolanos |
| 9 (RLIN) | 4376 |
| 650 #4 - PUNTO DE ACCESO ADICIONAL DE MATERIA--TÉRMINO DE MATERIA | |
| Término de materia o nombre geográfico como elemento de entrada | Literatura venezolana |
| Subdivisión general | Crítica e interpretación |
| 9 (RLIN) | 8988 |
| 650 #4 - PUNTO DE ACCESO ADICIONAL DE MATERIA--TÉRMINO DE MATERIA | |
| Término de materia o nombre geográfico como elemento de entrada | Litaratuta venezolana |
| Subdivisión cronológica | SIGLO XX |
| 9 (RLIN) | 27556 |
| 830 #0 - PUNTO DE ACCESO ADICIONAL DE SERIE-TÍTULO UNIFORME | |
| Título uniforme | Trópicos |
| Designación de volumen o secuencia | 64 |
| 9 (RLIN) | 13719 |
| Estado de retiro | Estado de pérdida | Restricciones de uso | No para préstamo | Código de colección | Localización permanente | Ubicación/localización actual | Ubicación en estantería | Fecha de adquisición | Número de inventario | Total de préstamos | Signatura topográfica completa | Código de barras | Fecha visto por última vez | Precio válido a partir de | Tipo de ítem Koha | Número de copia |
|---|---|---|---|---|---|---|---|---|---|---|---|---|---|---|---|---|
| Préstamo interno | Monografías: Libros y Folletos | General | General | En catalogación | 21.10.2009 | LF1 | V864.44 C355s | 11634-10 | 25.06.2020 | 25.06.2020 | Préstamo interno | |||||
| Préstamo restringido | Préstamo restrigido | Monografías: Libros y Folletos | General | General | En catalogación | 14.09.2010 | LF1 | V864.44 C355s | 11634-20 | 25.06.2020 | 25.06.2020 | Préstamo interno | e.2 |
